000 00797nam a2200253 a 4500
001 000048262
003 DO-SdBNP
005 20240207124425.0
008 181210s2015 dr 000 0 spa d
020 _a9789945167160
040 _aDO-SdBNP
_bspa
_cBPMSU
082 _aRD863.5
_bC527v 2015
_222
100 1 _aChevalier, Nan,
_d1965-
100 z _aChevalier, Reynaldo Paulino,
_d1965-
245 1 0 _aViaje sin retorno desde un puerto fantasma /
_cNan Chevalier.
260 _aSanto Domingo, :
_bEditora Búho,
_c2015.
300 _a123 p. ;
_c22 cm.
500 _aIncluye datos biográficos del autor en la solapa de la cubierta
590 _aInventariado, 2027/ VM
650 4 _aNovela dominicana
650 4 _aLiteratura dominicana
910 _aVMateo V. Control de calidad.
942 _2ddc
_cBK
999 _c14560
_d14560